Así habló Zaratustra
Guardado en:
| Formato: | Libro |
|---|---|
| Lenguaje: | español |
| Publicado: |
Buenos Aires
Santiago Rueda
1970
|
| Colección: | Colección Mundial Rueda, 15
|
| Materias: | |
| Etiquetas: |
Agregar Etiqueta
Sin Etiquetas, Sea el primero en etiquetar este registro!
|
MARC
| LEADER | 00000nam a2200000 a 4500 | ||
|---|---|---|---|
| 001 | UCV7860 | ||
| 003 | CL-VaPUC | ||
| 008 | 891121e19700000AG |||||||||||||||||spa|d | ||
| 082 | 0 | 4 | |a 193 |b NIE |2 21 |
| 245 | 1 | 0 | |a Así habló Zaratustra |
| 300 | |a 291 p | ||
| 942 | |c BK | ||
| 945 | |d 19891121 00:00:00 | ||
| 260 | |a Buenos Aires |b Santiago Rueda |c 1970 | ||
| 650 | 0 | |a Filosofía alemana |9 265002 | |
| 650 | 0 | |a Antropología filosófica |9 265842 | |
| 650 | 0 | |a Nihilismo |9 265670 | |
| 650 | 0 | |a Ateísmo |9 265671 | |
| 583 | |a last modification |c 19891121 00:00:00 |k Rodrigo Vera | ||
| 490 | 0 | |a Colección Mundial Rueda, 15 | |
| 999 | |c 213470 |d 213468 | ||
| 952 | |0 0 |1 0 |4 0 |6 193_000000000000000_NIE_1970 |7 0 |8 A |9 195880 |a BIBARQ |b BIBARQ |d 2019-11-14 |i 2638665 |l 1 |m 2 |o 193 NIE 1970 |p 2638665 |r 2025-01-20 |s 2024-11-05 |w 2019-11-14 |y BK |k ARQ | ||